000 00348nam a2200133 a 4500
005 20140414131914.0
008 100915s19uu xx 00 eng d
050 _aFIC
_bSp4 2004
100 _aGunter, Jacob Ben
245 _aThe daily bulge stories.
260 _bHarper festival,
_c2004.
_aNew York :
440 _aSpider-man 2
999 _c111388
_d111388